अ्ंग्रेजी बोलना सीखें (Record no. 44782)
[ view plain ]
| 000 -LEADER | |
|---|---|
| fixed length control field | 005010000a22001690004500 |
| 003 - CONTROL NUMBER IDENTIFIER | |
| control field | MACL |
| 005 - DATE AND TIME OF LATEST TRANSACTION | |
| control field | 20160202163354.0 |
| 008 - FIXED-LENGTH DATA ELEMENTS--GENERAL INFORMATION | |
| fixed length control field | 160202b xxu||||| |||| 00| 0 eng d |
| 040 ## - CATALOGING SOURCE | |
| Original cataloging agency | MACL |
| Transcribing agency | MACL |
| 041 ## - LANGUAGE CODE | |
| Language code of text/sound track or separate title | Hindi |
| 082 ## - DEWEY DECIMAL CLASSIFICATION NUMBER | |
| Classification number | 400/GUP |
| 100 ## - MAIN ENTRY--PERSONAL NAME | |
| Personal name | गुप्ता एस. सी |
| 9 (RLIN) | 36478 |
| 245 ## - TITLE STATEMENT | |
| Title | अ्ंग्रेजी बोलना सीखें |
| 260 ## - PUBLICATION, DISTRIBUTION, ETC. (IMPRINT) | |
| Name of publisher, distributor, etc. | अरिहन्त पब्लिकेशन |
| Place of publication, distribution, etc. | मेरठ |
| 350 ## - PRICE (NR) (BK AM CF MU VM SE) [OBSOLETE] | |
| Price | 200 |
| 942 ## - ADDED ENTRY ELEMENTS (KOHA) | |
| Koha item type | Hindi Books |
| Call number prefix | 400/GUP |
| Source of classification or shelving scheme | |
| Withdrawn status | Lost status | Source of classification or shelving scheme | Damaged status | Not for loan | Home library | Current library | Shelving location | Date acquired | Cost, normal purchase price | Total Checkouts | Full call number | Barcode | Checked out | Date last seen | Date last checked out | Uniform Resource Identifier | Price effective from | Koha item type |
|---|---|---|---|---|---|---|---|---|---|---|---|---|---|---|---|---|---|---|
| MACL | MACL | Reference | 02/02/2016 | 200.00 | 2 | 400/GUP | CLC004933 | 21/12/2017 | 07/12/2017 | 07/12/2017 | 45055 | 15/04/2015 | Books |









